000 00455nam a2200193Ia 4500
003 OSt
005 20231012164425.0
008 210210b1989 xxu||||| |||| 00| 0 eng d
040 _cAL
041 _aKonkani
082 _a891.461 TENM
100 _aTENDULKAR (Shanti Prabhu).
_9137815
245 _aMogryanati.
260 _aGoa.
_bSanjay Prakashan.,
_c1989
300 _a55
690 _aKonkani Poetry
_9137816
906 _a050462
942 _2ddc
_cBK
999 _c99154
_d99154